000 00640cam a22002293a 4500
001 15410
003 PGUSA
005 20140828083329.0
008 050319s2005||||xxu|||||s|||||000 1 eng d
040 _aPGUSA
_beng
042 _adc
050 4 _aPR
100 1 _aOliphant,
_cMrs
_q(Margaret),
_d1828-1897
245 1 2 _aA Little Pilgrim in the Unseen
_h[electronic resource] /
_cOliphant,
260 _bProject Gutenberg,
_c2005
506 _aPublic domain in the USA.
516 _aElectronic text
653 _aDeath -- Fiction
830 0 _aProject Gutenberg
_v15410
856 4 0 _uhttp://www.gutenberg.org/ebooks/15410
942 _cEB
999 _c244665
_d244665